00559cam a22001813a 450000100060000000300060000600500170001200800410002904000150007004200070008510000340009224501010012626000290022750600300025651600200028683000290030685600420033539433PGUSA20140828083857.0120412s2012||||xxu|||||s|||||000 | eng d aPGUSAbeng adc1 aStandish, Burt L.,d1866-194510aFrank Merriwell's Backers :bThe Pride of His Friendsh[electronic resource] /cBurt L. Standish bProject Gutenberg,c2012 aPublic domain in the USA. aElectronic text 0aProject Gutenbergv3943340uhttp://www.gutenberg.org/ebooks/39433